000 00672cam a2200265 4500
008 090401t1996 xxu||||| |||| 00| 0 eng d
020 _a0750629746
035 _a(Sirsi) u14640
041 _aeng
050 _a711.52
245 _aLaxton`s guide to single regeneration budgets.
260 _aOxford
_bLaxtons
_c1996
300 _axiv,247p. ; 24cm.
350 _a40
650 _aCHALLENGE FUNDING
650 _aCITY CHALLENGE
650 _aSINGLE REGENERATION BUDGET
650 _aSRB CHALLENGE FUNDING
650 _aSRB
650 _aURBAN REGENERATION
690 _aURBAN RENEWAL
700 _aTweeds,
_xEditor
942 _n0
948 _c04/03/1997
999 _c87197
_d87197